000 005530000a22001810004500
003 MACL
005 20160226153430.0
008 160226b xxu||||| |||| 00| 0 eng d
040 _aMACL
_cMACL
041 _aHindi
082 _a610
100 _aगुप्‍त कविराज दाउदयाल
_940710
245 _aकब्‍ज चिकित्‍सा
260 _bसंस्‍कृति संंस्‍थान
_c1975
_aबरेली
350 _a4
650 _aMedical Science
_940711
942 _cHIN
_k610
_2ddc
999 _c26724
_d26724